| 000 | 005180000a22001810004500 | ||
|---|---|---|---|
| 001 | 003108 | ||
| 003 | MACL | ||
| 005 | 20150731124523.0 | ||
| 008 | 150731b xxu||||| |||| 00| 0 eng d | ||
| 040 |
_aMACL _cMACL |
||
| 041 | _aEnglish361.8/KUM | ||
| 082 | _a361.8/KUM | ||
| 100 |
_aKumar, Somesh _93710 |
||
| 245 |
_aMethods For Community Participation _bA Complete Guide For Practitioners _cSomesh Kumar |
||
| 260 |
_aNew Delhi _c2003 _bVistaar Publications, |
||
| 650 |
_aSocial Science _93712 |
||
| 942 |
_k362 _cBK _2ddc |
||
| 999 |
_c15014 _d15014 |
||